| 000 | 00456nam a22001577a 4500 | ||
|---|---|---|---|
| 999 |
_c2402 _d2402 |
||
| 008 | 200228b ||||| |||| 00| 0 eng d | ||
| 082 | 0 | 0 |
_a941.06 _bP8889 |
| 100 |
_91984 _aPowley, Edward B. |
||
| 245 | 1 | 0 |
_aThe English navy in the revolution of 1688 _cby Edward B. Powley |
| 250 | _a1st ed. | ||
| 260 |
_aCambridge _bCambridge University Press _c1928 |
||
| 300 | _a188 p. | ||
| 365 | _d15.12 | ||
| 650 | 0 | _aRevolution of 1688 (Great Britain) | |
| 942 | _cBK | ||